[Event "3rd Kolkata GM Open 2018"]
[Site "Kolkata"]
[Date "2018.05.14"]
[Round "1"]
[White "Kulkarni, Vinayak"]
[Black "Neverov, Valeriy"]
[Result "1-0"]
[WhiteElo "2152"]
[BlackElo "2496"]
[Annotator "TA"]
[PlyCount "113"]
[EventDate "2018.??.??"]
[EventType "swiss"]
[EventCountry "IND"]
[SourceTitle "playchess.com"]
[Source "ChessBase"]
[SourceQuality "1"]

{[%evp 19,113,37,77,29,39,9,9,0,9,4,7,12,16,7,16,6,8,8,14,8,11,8,8,4,14,4,16,-15,-15,-4,0,0,0,0,-8,-40,-18,-82,-83,-93,-97,-119,-10,-194,-169,-377,-372,-314,-224,-177,0,-1687,-1568,-1622,12,29,436,436,436,429,356,361,597,275,581,572,983,917,2010,2056,1891,1709,1331,-29970,1260,1212,1206,1077,1054,942,8992,7029,6558,6107,6095,6095,6083,6079,29979,29980,29979,29979,29971,29974,29991,29992]} 1. d4 Nf6 2. c4 g6 3. Nc3 Bg7 4. e4 d6 5. Nf3 O-O 6. Be2 e5 7. O-O Na6 8. Be3 Ng4 9. Bg5 f6 10. Bc1 Qe8 {LiveBook: 28 Games} 11. d5 {E94: King's Indian: Classical: 6 Be2 e5 7 0-0: Various Black 7th moves} (11. c5 $5) (11. h3 Nh6 12. Rb1 f5 13. dxe5 dxe5 14. b4 Be6 15. Ng5 Nf7 16. Nxe6 Qxe6 17. c5 c6 18. Bxa6 bxa6 19. Qe2 f4 20. f3 Ng5 21. Bb2 Rad8 22. Rbd1 Rd4 23. a3 a5 24. b5 Rfd8 25. bxc6 Bf8 {1-0 (25) Rodshtein,M (2623)-Polgar,J (2687) Netanya 2009}) 11... f5 12. Rb1 $146 ({Predecessor:} 12. Ne1 Nf6 13. f3 f4 14. Nd3 g5 15. Rb1 Qg6 16. Nf2 h5 17. h3 g4 18. fxg4 hxg4 19. Bxg4 Bxg4 20. Nxg4 Nxg4 21. Qxg4 Qxg4 22. hxg4 {1-0 (45) Ercan,M (2075)-Duman,A (2245) Kusadasi 2004}) 12... Nc5 13. Ng5 {The position is equal.} Nf6 {[%cal Rf6e4]} 14. b4 Ncxe4 15. Ngxe4 Nxe4 16. Nxe4 fxe4 17. Be3 h5 18. c5 Kh7 19. Qd2 Rf7 20. a4 Qf8 21. Rbc1 Bh6 22. Rc4 Bf5 23. a5 Bxe3 24. Qxe3 c6 25. dxc6 {aiming for cxd6.} d5 $1 {[%cal Rd5c4]} 26. cxb7 Rxb7 27. Rcc1 d4 28. Qd2 (28. Qa3 $1 $11) 28... Qh6 $36 {[%mdl 2048] White is under strong pressure.} 29. Qb2 d3 {Threatens to win with ...Rab8.} 30. c6 Re7 (30... Rf7 $1 $17 31. Bd1 e3) 31. Bd1 $2 (31. b5 $1 $11 {and White stays safe.}) 31... e3 $19 32. fxe3 $2 (32. Rc5 {might work better.} e4 33. Qf6) 32... Qxe3+ 33. Kh1 d2 34. Rc3 Qe1 $2 (34... Bd3 $1 $19 {...Rf8 is the strong threat.} 35. h3 Qd4) 35. Kg1 $2 {[%mdl 8192]} (35. Rcf3 $11) 35... Rf8 36. Rcf3 {[#]} e4 $2 (36... Bd3 $1 $19 {[%mdl 512] ( -> ...Qxf1+)} 37. Rxf8 (37. Rxd3 Rxf1#) 37... Bxf1) 37. Rf4 $11 {Hoping for Qc3.} g5 $2 {[%mdl 8192]} (37... Qe3+ $1 $11 {and Black has nothing to worry.} 38. R4f2 Rfe8) 38. Qc3 $18 gxf4 39. Rxe1 dxe1=Q+ 40. Qxe1 Rg7 $2 (40... f3 {is a better defense.} 41. Qh4 Re6 42. gxf3 Kh6 43. Qf4+ Kh7) 41. Bc2 (41. Qh4 $142 Rgf7 42. Bxh5) 41... f3 $2 (41... Kh8 {is a better chance.} 42. Bxe4 Re8) 42. Bxe4 Rxg2+ 43. Kf1 f2 44. Bxf5+ Rxf5 {[%mdl 4096] Endgame KQ-KRR} 45. Qe7+ Rg7 {[#]} 46. Qxg7+ $3 {[%mdl 512]} Kxg7 {KR-KP} 47. c7 Rf8 48. b5 Kg6 49. b6 {Strongly threatening b7.} axb6 50. axb6 {KR-K3P} Rc8 51. Kxf2 Kg5 52. b7 Rxc7 53. b8=Q Rc2+ 54. Kf3 {White mates.} Rc3+ 55. Ke2 Rc2+ 56. Kd3 Rf2 57. Qg3+ {Precision: White = 33%, Black = 49%.} 1-0

[Event "3rd Kolkata GM Open 2018"]
[Site "Kolkata"]
[Date "2018.05.18"]
[Round "5"]
[White "Gupta, Abhijeet"]
[Black "Narayanan, Srinath"]
[Result "0-1"]
[WhiteElo "2619"]
[BlackElo "2525"]
[Annotator "TA"]
[PlyCount "116"]
[EventDate "2018.??.??"]
[EventType "swiss"]
[EventCountry "IND"]
[SourceTitle "playchess.com"]
[Source "ChessBase"]
[SourceQuality "1"]

{[%evp 21,116,9,27,0,0,0,0,0,0,0,0,0,0,0,4,9,11,-4,-4,-11,0,0,0,0,0,0,0,-27,-29,-22,-7,-15,11,-15,0,0,0,-5,0,0,0,-29,-7,0,0,0,0,-55,0,0,0,0,0,0,16,0,11,-134,-13,-8,-8,-8,-8,-30,-16,-41,-8,-401,-400,-390,-383,-472,-381,-374,-341,-334,-334,-329,-312,-457,-443,-432,-429,-801,-424,-29974,-29975,-29974,-29975,-29975,-29976,-29980,-29981,-29981,-29982,-29982,-29983]} 1. d4 Nf6 2. c4 e6 3. g3 d5 4. Bg2 dxc4 5. Nf3 Bb4+ 6. Bd2 a5 7. a3 {E04: Open Catalan: 5 Nf3} Bd6 8. O-O Nc6 9. Bg5 h6 10. Bxf6 Qxf6 11. Nc3 O-O {LiveBook: 10 Games} 12. e3 e5 13. d5 Na7 14. Nd2 b5 15. a4 {[#]} Bd7 $146 16. Qc2 Qe7 17. Rfc1 f5 18. axb5 Nxb5 19. Nxb5 Bxb5 20. Nxc4 a4 21. Nxd6 cxd6 22. Ra3 Bd7 23. Rc3 Ra7 24. Qe2 Qd8 25. R1c2 Qb6 26. Bh3 Rb7 27. Qd1 Qa5 28. Rc6 Rf6 29. R6c4 Rf8 30. Rc6 Rf6 31. Bg2 f4 32. exf4 exf4 33. Be4 Rf8 34. Kg2 ({Better is} 34. R6c4 $11) 34... a3 (34... Qd8 $15) 35. bxa3 $11 Qxa3 36. R2c3 Qb4 37. R6c4 Qa5 38. Qh5 {Qg6 is the strong threat.} Bf5 39. Bf3 (39. Qf3 $11 {keeps the balance.}) 39... fxg3 (39... Rb2 $17 40. Qh4 Qb6 41. gxf4 Rf6) 40. hxg3 Rbf7 41. Re3 Bd7 42. Rd4 Qa1 43. Rb4 Rf5 $40 {[%mdl 128] White needs to defend precisely.} 44. Qg6 $2 {[%mdl 8192] [#]} (44. Qh4 $1 $11) 44... Rxf3 $1 $19 {[%mdl 512]} 45. Rxf3 Rxf3 46. Rb7 Rf6 {( -> ...Bh3+!)} 47. Rb8+ Rf8 48. Rxf8+ Kxf8 49. Qxd6+ Ke8 50. Qg6+ (50. g4 $142) 50... Ke7 51. d6+ Kf8 {And now ...Qa8+ would win.} 52. g4 (52. Qd3 $142) 52... Qf6 53. Qxf6+ (53. Qe4 $19) 53... gxf6 {KB-K3P. Black mates.} 54. Kg3 Kg7 55. Kh4 Kg6 56. f4 f5 57. gxf5+ Bxf5 58. Kg3 Kh5 {Precision: White = 35%, Black = 56%.} 0-1

[Event "3rd Kolkata GM Open 2018"]
[Site "Kolkata"]
[Date "2018.05.18"]
[Round "5"]
[White "Amonatov, Farrukh"]
[Black "Nitin, S.."]
[Result "1-0"]
[WhiteElo "2608"]
[BlackElo "2432"]
[Annotator "TA"]
[PlyCount "93"]
[EventDate "2018.??.??"]
[EventType "swiss"]
[EventCountry "IND"]
[SourceTitle "playchess.com"]
[Source "ChessBase"]
[SourceQuality "1"]

{[%evp 9,93,-24,0,0,0,0,0,-8,-1,-8,0,0,0,-28,-20,-50,-35,-52,-12,-34,0,-56,25,-26,30,22,54,43,37,48,140,116,119,136,222,229,242,220,223,-22,160,163,180,154,156,164,143,128,221,211,199,176,475,471,458,450,417,243,318,230,283,219,233,102,102,91,93,94,135,128,150,148,147,136,154,0,111,127,192,108,113,109,696,691,621,619]} 1. e4 c5 2. Nc3 a6 3. b3 Nc6 4. Bb2 e6 5. Nf3 Qc7 {LiveBook: 9 Partien} (5... d5 6. exd5 exd5 7. Qe2+ Be6 8. O-O-O d4 9. Ne4 Be7 10. Kb1 h6 11. Ne1 Nf6 12. Nd3 Nxe4 13. Qxe4 {0-1 (24) Antipov,M (2569)-Artemiev,V (2676) Khanty-Mansiysk 2015}) 6. Qe2 {B40: Sizilianisch (Klassisches System mit e7-e6)} d6 7. O-O-O Nf6 8. d4 {Die Stellung ist ausgeglichen.} cxd4 9. Nxd4 Nxd4 10. Rxd4 Be7 11. h3 $146 ({Vorgänger:} 11. Rg1 Nd7 12. Rd3 Bf6 13. f4 {½-½ (36) Golubov,S (2490)-Amato,A (2290) Sitges 2016}) 11... b5 12. f4 Nd7 13. Qd2 Bb7 14. g4 O-O 15. Bg2 (15. g5 $11) 15... Nb6 ({Besser ist} 15... Bc6 $15) 16. Rd1 (16. g5 $142) 16... Rac8 (16... Rfc8 $142) 17. Kb1 $11 Rfd8 18. g5 d5 $1 19. exd5 {Droht stark d6.} exd5 (19... b4 $14 20. d6 Rxd6 21. Rxd6 Bxg2 22. Rxb6 Qxb6 23. Qxg2 bxc3) 20. Ne2 a5 21. f5 a4 {[#]} (21... Bxg5 $2 22. Qxg5 Qxc2+ 23. Ka1 $18) (21... Bc5 $16) 22. f6 $1 $18 {[%mdl 512]} Bf8 (22... axb3 $6 23. axb3 Bf8 24. h4 $16) (22... gxf6 23. gxf6) 23. fxg7 Bxg7 {[#]} 24. Rh4 $2 (24. Nf4 $1 $18) 24... axb3 $2 (24... Bxb2 $11 25. Kxb2 {[#]} Nc4+ $1 {[%mdl 512]} 26. bxc4 dxc4) 25. cxb3 $16 Bxb2 26. Qxb2 d4 27. Bxb7 Qxb7 28. Rhxd4 ({Auf keinen Fall} 28. Nxd4 $6 Nd5 $14) 28... Re8 (28... Rd7 $16 29. Rxd7 Nxd7) 29. Nf4 $18 {Und Sh5 würde nun gewinnen.} Qf3 30. Qg2 Qc3 $2 {[#]} (30... Qxg2 31. Nxg2 Rc5) 31. g6 $1 {[%mdl 512]} Re1 (31... fxg6 32. Nxg6) 32. gxf7+ Kxf7 33. Qf2 (33. h4 $142) 33... Rxd1+ 34. Rxd1 {Weiss droht Sd5+ und Matt.} Qf6 35. Qe2 Rc5 ({Aber nicht} 35... Qxf4 $2 36. Rf1 $18) 36. Qe4 ({Bloß nicht} 36. Re1 $6 Qf5+ 37. Nd3 Nd5) (36. Nd3 $18 {bietet bessere Gewinnchancen.} Rf5 37. Re1) 36... Qf5 $16 37. Qxf5+ Rxf5 {[%mdl 4096] Endspiel KTS-KTS} 38. Rd4 h5 39. Kc2 Ke7 40. Kd3 Nd7 41. Nd5+ Ke6 42. Nf4+ Ke7 $1 43. Re4+ Kd6 (43... Kf7 $16) 44. Ke3 ({Günstiger ist} 44. Re6+ $18 Kc7 45. Ke4) 44... Nf6 45. Re6+ Kc5 $2 {[%mdl 8192] [#]} (45... Kd7 $16) 46. b4+ $1 $18 {[%mdl 512]} Kc4 (46... Kxb4 47. Rxf6) 47. Rc6+ {Precision: Weiß = 47%, Schwarz = 38%.} 1-0

[Event "3rd Kolkata GM Open 2018"]
[Site "Kolkata"]
[Date "2018.05.18"]
[Round "5"]
[White "Rozum, Ivan"]
[Black "Sengupta, Deep"]
[Result "1-0"]
[WhiteElo "2581"]
[BlackElo "2563"]
[Annotator "TA"]
[PlyCount "113"]
[EventDate "2018.??.??"]
[EventType "swiss"]
[EventCountry "IND"]
[SourceTitle "playchess.com"]
[Source "ChessBase"]
[SourceQuality "1"]

{[%evp 18,113,51,41,42,36,50,45,50,48,54,54,54,54,63,66,87,24,29,27,83,53,69,69,68,64,86,65,74,72,68,60,71,64,52,35,39,31,35,11,33,33,39,37,35,33,52,47,51,46,51,26,29,30,51,51,55,61,67,11,56,50,51,44,56,43,59,62,56,63,95,105,101,68,100,106,106,82,143,97,202,193,470,469,466,460,701,698,683,679,618,611,589,584,766,750,950,894]} 1. Nf3 d5 2. g3 Nf6 3. Bg2 c6 4. c4 dxc4 5. O-O Nbd7 {[%cal Bb8d7,Bd7b6,Bb6c4][%mdl 32]} 6. Na3 {A11: Reti-Eröffnung} Nb6 7. Ne5 Qd4 8. Nexc4 Nxc4 9. Qa4 Bd7 10. Qxc4 {LiveBook: 3 Partien} Qxc4 11. Nxc4 Bg4 $146 ({Vorgänger:} 11... g6 12. b4 Bg7 13. Bb2 {0-1 (53) Vachier Lagrave,M (2745)-Giri,A (2734) Beijing 2013}) 12. Re1 Nd5 13. a3 g6 14. b4 Bg7 15. Rb1 Be6 16. Na5 O-O-O {[#]} 17. Bb2 ({Lieber} 17. b5 $1 $16) 17... Bxb2 $11 18. Rxb2 Kb8 (18... Nc7 $11) 19. Rc1 Rc8 20. Nb3 Rc7 21. Nc5 Bc8 22. d4 Rd8 23. Rbc2 Nf6 24. e3 Ne8 25. a4 f6 26. Nb3 Be6 27. Na5 Bd5 28. Rc3 Bxg2 (28... e5 {with more complications.} 29. dxe5 fxe5 30. Rc5 e4 31. Bf1 Nf6) 29. Kxg2 Rcc8 30. Nb3 Nc7 31. Nc5 Nd5 32. Rb3 Nc7 33. Nd3 Rd5 34. Nf4 Rd6 35. h4 Re8 36. Nd3 e5 37. dxe5 fxe5 38. Rc2 (38. Nc5 $14) 38... Rd5 39. Nc5 a6 40. Ne4 {Sf6 ist eine echte Drohung.} Re7 41. Rc1 Na8 42. h5 gxh5 43. a5 Nc7 44. Rh1 Ne8 45. Rxh5 Rd1 46. Rh6 Kc7 47. Rb2 Rd5 (47... Nd6 $142 48. Kf3 Nxe4 49. Kxe4 Rc1) 48. Kf3 Rg7 (48... Nd6 $16 {ist eine bessere Verteidigung.}) 49. Ke2 $18 Nd6 $2 (49... Rf7 {ist wohl besser.} 50. Rb1 Kb8) 50. Nc3 {Weiß steht klar auf Gewinn.} Rb5 51. Rb1 Nf5 (51... Nf7 $142) 52. Nxb5+ axb5 53. Rh5 Ne7 54. Rxe5 Nd5 {[#] Und ...Sc3+ würde nun gewinnen.} 55. Rb3 Rg4 56. e4 Kd6 57. f4 {Precision: Weiß = 66%, Schwarz = 42%.} 1-0

[Event "3rd Kolkata GM Open 2018"]
[Site "Kolkata"]
[Date "2018.05.18"]
[Round "5"]
[White "Nihal Sarin"]
[Black "Arjun Kalyan"]
[Result "1-0"]
[WhiteElo "2551"]
[BlackElo "2383"]
[Annotator "TA"]
[PlyCount "65"]
[EventDate "2018.??.??"]
[EventType "swiss"]
[EventCountry "IND"]
[SourceTitle "playchess.com"]
[Source "ChessBase"]
[SourceQuality "1"]

{[%evp 18,65,15,14,37,35,33,27,27,30,25,25,57,51,60,44,89,77,126,97,129,87,100,98,105,120,119,129,141,142,123,129,115,132,367,210,773,772,1244,1236,1222,456,452,450,446,434,448,447,778,770]} 1. d4 d5 2. c4 c6 3. Nf3 Nf6 4. Nc3 e6 5. Bg5 Nbd7 6. e3 Qa5 7. cxd5 Nxd5 8. Rc1 {D52: Queen's Gambit Declined: Cambridge Springs Variation} Bb4 (8... Nxc3 9. bxc3 Ba3 10. Rc2 b6 11. Be2 Ba6 12. O-O Bxe2 13. Rxe2 O-O 14. Qc2 Rfe8 15. Rd1 Rac8 {1-0 (37) Yu,Y (2751)-Dreev,A (2653) Riadh 2017}) 9. a3 Bxc3+ 10. bxc3 {LiveBook: 18 Games. The position is equal.} Qxa3 ({Don't blunder} 10... Nxc3 $2 11. Qd2 $18) 11. Qd2 N5f6 $146 ({Predecessor:} 11... h6 12. Bh4 b5 13. e4 N5b6 14. Bd3 Bb7 15. O-O Qd6 {0-1 (62) Fominykh,M (2253)-Romanko,M (2389) Moscow 2012}) 12. Bd3 {[%mdl 1024] White has compensation.} Qe7 13. e4 {[%cal Be3e4,Be4e5][%mdl 32]} h6 14. Bh4 {And now e5 would win.} g5 15. Bg3 Nh5 16. e5 b6 17. Qe2 Bb7 18. Nd2 Nxg3 19. fxg3 O-O-O 20. O-O f6 21. Ra1 {Strongly threatening exf6.} fxe5 22. Rxa7 Kb8 23. Rfa1 {Hoping for Be4.} exd4 24. cxd4 Qd6 {[#]} 25. Nb3 $1 b5 $2 (25... Kc7 $16 {was worth a try.}) 26. Kh1 (26. Qa2 $142) 26... Kc7 $2 (26... Nb6 27. Nc5 Rd7 28. Nxd7+ Nxd7) 27. Na5 $18 {White is clearly winning.} Rb8 28. Rc1 Kb6 {[#]} 29. Rxb7+ (29. Qa2 $142 $1 {[%mdl 512]} Kc7 30. Nxc6 Qxc6 31. Rxc6+ Kxc6 32. Qxe6+ Kc7 33. Bxb5) 29... Rxb7 30. Rxc6+ Qxc6 31. Nxc6 Rc8 32. Bxb5 Nb8 (32... Rxc6 $142 33. Bxc6 Kxc6 34. Qxe6+ Kc7 35. Qc4+ Kd6) 33. Qxe6 {Precision: White = 78%, Black = 50%.} 1-0

[Event "3rd Kolkata GM Open 2018"]
[Site "Kolkata"]
[Date "2018.05.18"]
[Round "5"]
[White "Lalith Babu M R"]
[Black "Short, Nigel D"]
[Result "1/2-1/2"]
[WhiteElo "2531"]
[BlackElo "2656"]
[Annotator "TA"]
[PlyCount "63"]
[EventDate "2018.??.??"]
[EventType "swiss"]
[EventCountry "IND"]
[SourceTitle "playchess.com"]
[Source "ChessBase"]
[SourceQuality "1"]

{[%evp 12,63,12,-42,2,-14,-11,-11,-11,-4,-4,-10,0,0,0,-9,0,0,0,0,0,-10,0,-2,0,-3,0,0,0,0,0,0,0,0,0,0,0,0,0,0,11,16,16,15,16,0,0,0,8,0,0,-1,0,0]} 1. Nf3 b6 2. d4 Bb7 3. g3 Nf6 4. Bg2 c5 5. c3 e6 6. O-O Be7 7. a4 {LiveBook: 9 Games} (7. c4 $11) 7... cxd4 {A47: 1 d4 Nf6 2 Nf3 b6: Torre, London and Colle Systems} 8. cxd4 {The position is equal.} Nc6 $146 ({Predecessor:} 8... O-O 9. Nc3 d5 10. Ne5 Nfd7 11. Nd3 Nc6 12. e3 Ndb8 13. Bd2 Na5 14. Na2 Nc4 15. Bc3 Nc6 16. Qb1 {½-½ (16) Chernikov,O (2395)-Belik,D (2325) Brno 1993}) 9. Ne5 d5 10. Nxc6 Bxc6 11. Nc3 O-O 12. Bg5 Qd7 13. Qd3 Rac8 14. Rfc1 h6 15. Bxf6 Bxf6 16. e3 Be7 17. Bf1 Rc7 18. Qd1 Rfc8 19. Qb3 Qd8 20. Rd1 Rb8 {[%cal Bc8b8,Bb8b7,Bb7c7][%mdl 32]} 21. Rdc1 Qc8 22. Nb5 Bxb5 $1 23. Rxc7 Qxc7 24. axb5 Rb7 25. Bd3 Qd6 26. Rc1 Rc7 27. Rc3 Qd8 28. Qc2 Bd6 29. Rc6 Kf8 30. Rxc7 Qxc7 31. Qxc7 Bxc7 32. Kf1 {Precision: White = 74%, Black = 50%.} 1/2-1/2

[Event "3rd Kolkata GM Open 2018"]
[Site "Kolkata"]
[Date "2018.05.18"]
[Round "5"]
[White "Deepan Chakkravarthy J."]
[Black "Sekar, B."]
[Result "1-0"]
[WhiteElo "2516"]
[BlackElo "2304"]
[Annotator "TA"]
[PlyCount "93"]
[EventDate "2018.??.??"]
[EventType "swiss"]
[EventCountry "IND"]
[SourceTitle "playchess.com"]
[Source "ChessBase"]
[SourceQuality "1"]

{[%evp 17,93,0,18,0,13,17,14,8,27,20,27,34,27,38,41,23,39,29,29,29,29,29,29,36,36,36,36,36,36,36,36,29,29,29,29,29,66,66,124,85,77,74,109,116,104,105,85,104,108,99,87,97,110,87,101,42,43,46,47,31,38,38,172,172,283,283,879,892,868,837,654,742,589,0,0,0,0,0]} 1. e4 c5 2. Nf3 d6 3. d4 cxd4 4. Nxd4 Nf6 5. Nc3 a6 6. g3 e5 7. Nf3 {B91: Sicilian Najdorf: 6 g3} (7. Nb3 Be7 8. Bg2 O-O 9. O-O Be6 10. Re1 Nbd7 11. Nd2 b5 12. Nf1 Bg4 13. f3 Be6 14. Ne3 Rc8 15. a3 Nb6 16. f4 Re8 17. Kh1 Bf8 {0-1 (42) Naiditsch,A (2701)-Carlsen,M (2843) Karlsruhe/Baden-Baden 2018}) 7... Be7 8. Bg2 O-O 9. Nh4 g6 {LiveBook: 3 Games} 10. a4 Bg4 11. Nf3 Nc6 12. O-O Nd4 13. Be3 Nxf3+ 14. Bxf3 Be6 {[#]} 15. a5 $146 Rc8 16. Na4 Nd7 17. b3 Bg5 18. Bxg5 Qxg5 19. c4 Qd8 20. Qd2 Nc5 21. Qb4 Nxa4 22. Rxa4 {[%cal Ba1a4,Ba4b4,Bb4b6][%mdl 32]} Qc7 23. Rd1 Rfd8 24. h4 Rb8 25. Rda1 h5 26. Qd2 Qc8 27. Rb4 Bg4 (27... Qc5 $14) 28. Bg2 Rd7 29. Rb6 Qc5 30. Bf1 Rc8 31. b4 Qd4 32. Qxd4 exd4 33. b5 axb5 34. cxb5 Bf3 35. a6 Bxe4 36. Bg2 (36. Rd1 $16) 36... Bxg2 $14 37. Kxg2 bxa6 38. bxa6 {[%mdl 4096] Endgame aiming for a7. KRR-KRR} Kg7 $1 39. Kf3 d5 {[#]} (39... Re8 $1 $14) 40. Ke2 $1 $18 Rdc7 (40... Rc2+ $142 41. Kd3 Rcc7 42. Kxd4 Rc4+ 43. Ke3 Ra7) 41. Kd3 Rc1 $2 (41... Rd7 42. a7 (42. Kxd4 Rc4+ 43. Kd3 Ra7 $18) 42... Ra8) 42. Rxc1 Rxc1 43. Kxd4 Rd1+ 44. Kc5 d4 {[%cal Bd5d4,Bd4d3][%mdl 32]} 45. Rb2 $2 ({Only move:} 45. Rb3 $18) 45... Ra1 $11 46. Kb6 {[#] Hoping for Rb3.} d3 $1 47. a7 {[%mdl 32768] Precision: White = 77%, Black = 52%. . Loss on Time!?} 1-0

[Event "3rd Kolkata GM Open 2018"]
[Site "Kolkata"]
[Date "2018.05.18"]
[Round "5"]
[White "Rahman, Ziaur"]
[Black "Sandipan, Chanda"]
[Result "1/2-1/2"]
[WhiteElo "2495"]
[BlackElo "2573"]
[Annotator "TA"]
[PlyCount "60"]
[EventDate "2018.??.??"]
[EventType "swiss"]
[EventCountry "IND"]
[SourceTitle "playchess.com"]
[Source "ChessBase"]
[SourceQuality "1"]

{[%evp 15,60,31,31,31,32,36,28,29,24,24,32,30,36,35,47,16,22,17,22,7,13,-3,-2,-34,-15,-19,0,0,0,0,0,0,0,9,51,51,51,51,51,47,51,51,51,51,51,51,51]} 1. Nf3 f5 2. d3 {[%cal Bd2d3,Bd3d4,Bd4d5][%mdl 32]} Nc6 (2... d6 3. e4 e5 4. Nc3 Be7 5. d4 fxe4 6. Nxe4 d5 7. Neg5 exd4 8. Bd3 Qd6 9. Nxd4 c5 10. Nb5 Qe5+ 11. Be3 Na6 12. O-O {1-0 (36) Svidler,P (2751)-Bu,X (2710) Tbilisi 2017}) 3. d4 e6 4. g3 Nf6 5. Bg2 Be7 6. c4 {A04: Unusual lines after 1 Nf3 and King's Indian Attack} O-O 7. O-O d6 8. d5 Ne5 {LiveBook: 3 Games} 9. Qb3 Nxf3+ 10. exf3 e5 $146 11. f4 Nd7 12. Nc3 exf4 13. Bxf4 g5 14. Bd2 Nc5 15. Qd1 Bf6 16. f4 g4 17. Be3 a5 18. Bd4 Bd7 19. Re1 Bxd4+ 20. Qxd4 Qf6 21. Qxf6 Rxf6 22. Re3 $36 {[%mdl 2048] White has good play.} Rff8 23. Rae1 Rfe8 24. Rxe8+ Rxe8 (24... Bxe8 {is more complex.} 25. Re7 Rc8 26. Ne2 Bg6 27. Nd4 Kf8) 25. Rxe8+ {White is slightly better.} Bxe8 $11 {KBN-KBN} 26. Bf1 Kg7 27. Kf2 h5 28. Ke3 Kg6 29. h4 Kf6 30. Bd3 Bd7 {Precision: White = 87%, Black = 62%.} 1/2-1/2

[Event "3rd Kolkata GM Open 2018"]
[Site "Kolkata"]
[Date "2018.05.18"]
[Round "5"]
[White "Vignesh N R"]
[Black "Tukhaev, Adam"]
[Result "0-1"]
[WhiteElo "2485"]
[BlackElo "2551"]
[Annotator "TA"]
[PlyCount "118"]
[EventDate "2018.??.??"]
[EventType "swiss"]
[EventCountry "IND"]
[SourceTitle "playchess.com"]
[Source "ChessBase"]
[SourceQuality "1"]

{[%evp 25,118,23,27,37,44,37,45,12,0,0,0,0,-8,-25,0,0,0,0,0,-5,0,-45,-33,-212,-209,-201,-207,-224,-111,-111,-111,-111,-111,-123,-111,-111,-111,-129,-130,-133,-138,-138,-143,-150,-138,-124,-120,-154,-123,-182,-182,-149,-89,-89,-89,-91,-91,-91,-92,-154,-152,-155,-141,-364,-229,-352,-347,-411,-400,-533,-370,-357,-355,-545,-543,-539,-526,-946,-877,-1282,-1243,-1580,-1668,-1506,-1112,-29962,-10579,-29969,-29970,-29970,-29971,-29969,-29970,-6103,-6015]} 1. e4 e5 2. Nf3 Nf6 3. Nxe5 d6 4. Nf3 Nxe4 5. Nc3 Nxc3 6. dxc3 Be7 7. Bf4 O-O 8. Qd2 Nd7 {[%cal Bb8d7,Bd7c5,Bc5e6][%mdl 32]} 9. O-O-O Nc5 10. Be3 {C42: Petroff Defence: 3 Nxe5 and unusual White 3rd moves} Re8 11. Bc4 Be6 12. Bxe6 Nxe6 13. h4 c6 {LiveBook: 3 Games} 14. c4 {[#]} Qc7 $146 ({Predecessor:} 14... a6 15. Ng5 b5 16. Qd3 Nf8 17. Qf5 f6 {1-0 (36) Carlsen,M (2714)-Karpov,A (2670) Moscow 2007}) 15. Nd4 Rad8 16. h5 Nxd4 17. Qxd4 Bf6 18. Qf4 h6 19. Rd3 Bg5 20. Qg3 Bxe3+ 21. Rxe3 Qa5 22. a3 $1 d5 23. Re5 Qc5 $40 {[%mdl 128] Black is up to no good.} 24. Rh4 $2 (24. f3 $15) 24... dxc4 $19 ({And not} 24... Rxe5 25. Qxe5 f6 26. Qe2 $11) 25. Rxe8+ Rxe8 {[%mdl 4096] Endgame KQR-KQR} 26. Rg4 {[#]} Qe5 ({Weaker is} 26... Qxh5 27. Rxg7+ Kh8 28. Kb1 $11) ({Don't play} 26... Re1+ 27. Kd2 $17) (26... Kh8 $1 $19 27. Kb1 Rg8) 27. Qxe5 $17 Rxe5 28. Rxc4 Rxh5 {KR-KR} 29. Rf4 Rh2 30. g3 g5 31. Rf5 Kg7 32. Kd2 Kg6 33. Rf3 h5 34. Ke2 h4 35. gxh4 Rxh4 36. Rd3 f6 37. Rd8 {[#]} (37. b3 $17 {was called for.}) 37... Re4+ $1 $19 38. Kf3 Re7 (38... Rc4 $142 39. c3 a5) 39. Ra8 a6 40. Rb8 Kf5 41. a4 Rd7 42. b4 ({White should play} 42. Rc8) 42... Ke5 $17 43. Ke3 g4 44. c4 $2 (44. Rg8 $17) 44... Kf5 45. Re8 (45. Ke2 $142) 45... Rd1 $19 {...Re1+ is the strong threat.} 46. Ra8 Re1+ 47. Kd3 Re7 48. Rf8 Kg5 49. b5 (49. Kd2 $142 f5 50. Rd8) 49... axb5 50. cxb5 cxb5 51. a5 f5 52. Rd8 Kf4 53. Rd5 Re5 54. Rd7 b4 55. Rxb7 Rxa5 56. Rxb4+ Kf3 57. Rb2 Rd5+ 58. Kc3 f4 59. Kc4 Rd1 {Precision: White = 40%, Black = 80%.} 0-1